• 首页
  • 本馆介绍
  • 公告通知
  • 最新文献
  • 馆藏检索
  • 电子资源
  • 读者导购
  • 参考咨询
  • 我的图书馆
  • 登录
  • 详细信息显示
  • 放入我的书架
  • 预约/预借图书
  • 作者相关作品
  • 分类相关作品
  • 丛书相关作品
  • 出版社相关作品

书目信息

  • 表格格式
  • 工作单格式
  • 卡片格式
题名:
谣言这东西
    
 
作者: 夏明钊 著
分册:  
出版信息: 深圳   海天出版社  1999
页数: 181页
开本: 19cm
丛书名: 解读斯芬克思
单 册:
中图分类: C912.69
科图分类:
主题词: 谣言--分析
电子资源:
ISBN: 7-80615-980-0
000 00866nam0 2200265 450
000 01004nam0 2200301 450
000 00934nam0 2200277 450
000 00897nam 2200265 45
005 20070529155708.90
010    @a7-80615-980-0@dCNY9.00
100    @a20051102d1999 ekmy0chiy0120 ea
101 0  @achi
102    @aCN@b440000
105    @aa z 000yy
200 1  @a谣言这东西@AYao Yan Zhe Dong Xi@f夏明钊著@FXia Ming Zhao Zhu
210    @a深圳@c海天出版社@d1999
215    @a181页@c图@d19cm
225 2  @a解读斯芬克思@f傅腾霄主编
330    @a本书采取多学科综合研究的办法,剖析了谣言的本质和特点,描述了它产生和流传的全过程,分析了谣言滋生的温床,思想深邃,文笔优美。
410  0 @12001 @a解读斯芬克思
606 0  @a谣言@x分析
690    @aC912.69@v4
701  0 @a夏明钊@AXia Ming Zhao@4著
801  0 @aCN@bFYSX@c20070529
905    @a10447@dC912.69@e539
    
    谣言这东西/夏明钊著.-深圳:海天出版社,1999
    181页:图;19cm.-(解读斯芬克思/傅腾霄主编)
    
    
    ISBN 7-80615-980-0:CNY9.00
    本书采取多学科综合研究的办法,剖析了谣言的本质和特点,描述了它产生和流传的全过程,分析了谣言滋生的温床,思想深邃,文笔优美。
●
相关链接 在E读中查询图书 在五车中查询图书 在当当中查询图书 在豆瓣中查询图书


正题名:谣言这东西     索取号:C912.69/539         预约/预借

序号 登录号 条形码 馆藏地/架位号 状态 备注
1 0510949   205109498   第一样本阅览室/ [索取号:C912.69/539] 在馆    
2 0510950   205109504   教育系资料室/ [索取号:C912.69/539] 在馆    
3 0510951   205109513   教育系资料室/ [索取号:C912.69/539] 在馆    
4 0510952   205109522   教育系资料室/ [索取号:C912.69/539] 在馆    
5 0510953   205109531   第一借阅区/ [索取号:C912.69/539] 在馆    
6 0510954   205109540   教育系资料室/ [索取号:C912.69/539] 在馆    
7 0510955   205109559   教育系资料室/ [索取号:C912.69/539] 在馆    
8 0510956   205109568   第一借阅区/ [索取号:C912.69/539] 在馆    
唐山师范学院图书馆 欢迎您!
大连网信软件有限公司© 版权所有